书目信息 |
| 题名: |
考研数学复习全书
|
|
| 作者: | 李永乐 , 王式安 , 季文铎 主编 | |
| 分册: | 数学一 | |
| 出版信息: | 北京 国家行政学院出版社 2017 |
|
| 页数: | 530页 | |
| 开本: | 26cm | |
| 丛书名: | 2018李永安·王氏安考研数学系列 | |
| 单 册: | ||
| 中图分类: | O13 , O13-44 | |
| 科图分类: | ||
| 主题词: | 高等数学--gao deng shu xue--研究生--入学考试--自学参考资料 | |
| 电子资源: | ||
| ISBN: | 978-7-5150-1811-9 | |
| 000 | 01560nam 2200361 45 | |
| 001 | 012001002148 | |
| 005 | 20191121110537.75 | |
| 010 | @a978-7-5150-1811-9@dCNY69.80 | |
| 092 | @b张凯 | |
| 099 | @aCAL 012017081123 | |
| 100 | @a20170210d2017 em y0chiy50 ea | |
| 101 | 0 | @achi |
| 102 | @aCN@b110000 | |
| 105 | @aak z 000yy | |
| 106 | @ar | |
| 200 | 1 | @a考研数学复习全书@Akao yan shu xue fu xi quan shu@i数学一@f主编李永乐, 王式安, 季文铎 |
| 205 | @a第5版 | |
| 210 | @a北京@c国家行政学院出版社@d2017 | |
| 215 | @a530页@c彩图@d26cm@e分阶习题同步训练1册 (214页) | |
| 225 | 2 | @a2018李永安·王氏安考研数学系列@A2018li yong an ·wang shi an kao yan shu xue xi lie |
| 300 | @a全国十二大考研辅导机构指定用书 | |
| 330 | @a本书为了使考研同学能在较短时间内全面复习数学, 达到硕士学习阶段应具备的数学能力, 提高考研应试水平, 以合格的数学成绩任国家挑选, 作者根据教育部制订的《数学考试大纲》的要求和最新精神, 深入研究了近年来考研命题的特点及动态, 并结合作者多年来数学阅卷以及全国大部分城市“考研班”辅导的经验, 编写了这本考研数学复习全书 (数学一)。在编写时, 作者特别注重与学生的实际相结合, 注重与考研的要求相结合。 | |
| 333 | @a考研数学复习人员 | |
| 410 | 0 | @12001 @a2018李永安·王氏安考研数学系列 |
| 517 | 1 | @a数学一@Ashu xue yi |
| 606 | 0 | @a高等数学@Agao deng shu xue@x研究生@x入学考试@j自学参考资料 |
| 690 | @aO13@v5 | |
| 690 | @aO13-44@v5 | |
| 701 | 0 | @a李永乐@Ali yong le@4主编 |
| 701 | 0 | @a王式安@Awang shi an@4主编 |
| 701 | 0 | @a季文铎@Aji wen duo@4主编 |
| 801 | 0 | @aCN@b北京卓展@c20191020 |
| 905 | @b1203219-20@dO13@e847=5@f2 | |
| 考研数学复习全书.数学一/主编李永乐, 王式安, 季文铎.-第5版.-北京:国家行政学院出版社,2017 |
| 530页:彩图;26cm+分阶习题同步训练1册 (214页).-(2018李永安·王氏安考研数学系列) |
| 全国十二大考研辅导机构指定用书.-使用对象:考研数学复习人员 |
| ISBN 978-7-5150-1811-9:CNY69.80 |
| 本书为了使考研同学能在较短时间内全面复习数学, 达到硕士学习阶段应具备的数学能力, 提高考研应试水平, 以合格的数学成绩任国家挑选, 作者根据教育部制订的《数学考试大纲》的要求和最新精神, 深入研究了近年来考研命题的特点及动态, 并结合作者多年来数学阅卷以及全国大部分城市“考研班”辅导的经验, 编写了这本考研数学复习全书 (数学一)。在编写时, 作者特别注重与学生的实际相结合, 注重与考研的要求相结合。 |
| ● |
| 相关链接 |
|
|
|
|
正题名:考研数学复习全书
索取号:O13/847=5
 
预约/预借
| 序号 | 登录号 | 条形码 | 馆藏地/架位号 | 状态 | 备注 |
| 1 | 1203219 | 212032192 | 第二样本阅览室/ [索取号:O13/847=5] | 在馆 | |
| 2 | 1203220 | 212032209 | 第三借阅区/ [索取号:O13/847=5] | 在馆 |